000 00295nam a22001337a 4500
008 170715b xxu||||| |||| 00| 0 eng d
020 _a9780137915347
041 _aeng
080 _29TH
_a572
100 _a24
101 _aANT
245 _aCULTURAL ANTHROPOLOGY
_cEMBER,C.R
942 _2udc
_cBK
999 _c21166
_d21166